Učiteľovo myslenie a uvažovanie : Zborník príspevkov z medzinárodného cyklu konferencií Cesty demokracie vo výchove a vzdelávaní XIII, 7.-9.12.2011 Velké Bílovice
Guardado en:
| Otros Autores: | , |
|---|---|
| Formato: | Libro |
| Publicado: |
Bratislava :
Občianske združenie Výchova- Veda - Vzdelávanie - Výskum,
2011
|
| Etiquetas: |
Sin Etiquetas, Sea el primero en etiquetar este registro!
|
MARC
| LEADER | 00000nam a22000003a 4500 | ||
|---|---|---|---|
| 001 | stu240979 | ||
| 005 | 20150617230145.7 | ||
| 008 | 111221s2011----xo----------------------d | ||
| 020 | |a 978-80-89443-10-9 | ||
| 040 | |a STU |b slo | ||
| 041 | 0 | ||
| 044 | |a xo | ||
| 100 | 1 | |a Wiegerová, Adriana |4 edt | |
| 242 | 0 | 0 | |a Teacher' s Thinking and Reasoning |y eng |
| 245 | 1 | |a Učiteľovo myslenie a uvažovanie : |b Zborník príspevkov z medzinárodného cyklu konferencií Cesty demokracie vo výchove a vzdelávaní XIII, 7.-9.12.2011 Velké Bílovice | |
| 260 | |a Bratislava : |b Občianske združenie Výchova- Veda - Vzdelávanie - Výskum, |c 2011 | ||
| 700 | 1 | |a Vávrová, Soňa |4 edt | |
| 996 | |c I*Z6302 |l I |s A |a 24 |w stu240979_0001 | ||